Санкт-Петербург - сегодня и завтра; Энергия: экономика, техника, экология; № 8

Xehetasun bibliografikoak
Parent link:Энергия: экономика, техника, экология: научно-популярный и общественно-политический журнал/ Российская академия наук (РАН).— , 1984-.— 0233-3619
№ 8.— 2004.— С. 48-51
Egile nagusia: Мартынов В.
Hizkuntza:errusiera
Argitaratua: 2004
Gaiak:
Formatua: Liburu kapitulua
KOHA link:https://koha.lib.tpu.ru/cgi-bin/koha/opac-detail.pl?biblionumber=393332

MARC

LEADER 00000naa2a2200000 4500
001 393332
005 20231101064400.0
035 |a (RuTPU)RU\TPU\prd\29343 
090 |a 393332 
100 |a 20041028a2004 k y0rusy50 ca 
101 0 |a rus 
102 |a RU 
200 1 |a Санкт-Петербург - сегодня и завтра  |f В. Мартынов 
461 1 |0 (RuTPU)RU\TPU\prd\458  |x 0233-3619  |t Энергия: экономика, техника, экология  |o научно-популярный и общественно-политический журнал  |f Российская академия наук (РАН)  |d 1984- 
463 1 |0 (RuTPU)RU\TPU\prd\28164  |t № 8  |v С. 48-51  |d 2004 
610 1 |a Санкт-Петербург 
610 1 |a Петербург 
610 1 |a история 
700 1 |a Мартынов  |b В. 
801 1 |a RU  |b 63413507  |c 20041028  |g PSBO 
801 2 |a RU  |b 63413507  |c 20120516  |g RCR 
942 |c BK